Statistiken für Städte und Gemeinden Bayerns A-Z

Klicken Sie hier um das Quiz zu spielen!

Allgemein

  • Dieses Quiz wurde 68 mal gespielt
  • Das Durchschnittsergebnis liegt bei 18 aus 23

Antwortstatistiken

HinweisAntwort% Korrekt
IGroßstadt in Oberbayern, deren Bewohner Schanzer genannt werden und wo der Illuminatenorden gegründet wurdeIngolstadt
97%
MLandeshauptstadt an der Isar, in dem 1972 die olympischen Sommerspiele stattfandenMünchen
97%
BIn dieser fränkischen Stadt findet jedes Jahr auf dem Grünen Hügel die Wagner-Festspiele stattBayreuth
95%
DStadt nördlich von #M, in dem 1933 das erste Konzentrationslager Deutschlands errichtet wurdeDachau
95%
EGroßstadt bei #N, bekannt für die Friedrich-Alexander-Universität und als großer Siemens-StandortErlangen
95%
NGrößte Stadt Frankens, in dessen Max-Morlock-Stadion "der Glubb" spieltNürnberg
95%
PBischofsstadt an der Grenze zu Österreich, in dem die Ilz und Inn in die Donau mündetPassau
95%
GKreishauptort in den Alpen an der Grenze zu Österreich, Austragungsort der Olympischen Winterspiele von 1936 und des jährlichen Neujahrs(ski)springensGarmisch-Partenkirchen
92%
AStadt am Main in der Nähe zu Hessen, in der sich der der Mainzer Erzbischof das Schloß Johannesburg erbauen ließAschaffenburg
91%
KKreisfreie Stadt im Allgäu, welche schon seit der Römerzeit existiert und früher Sitz einer Fürstabtei war. Hier fand Deutschlands letzter Hexenprozess stattKempten (Allgäu)
88%
CStadt an der Grenze zu Thüringen mit bekannter Burganlage und Schloss Ehrenburg, Sitz und Namensgeber einer Automobil-VersicherungCoburg
86%
WGroßstadt am Main, deren Bischöfe sich die Residenz, die Festung Marienberg und den Kiliansdom in der Stadt erbauen ließenWürzburg
86%
RKreisfreie Stadt an der Inn in Oberbayern, in der eine nach ihr benannte ZDF-Krimi-Komödien-Serie spieltRosenheim
81%
LRegierungssitz von Niederbayern an der Isar, in der alle vier Jahre ein großes mittelalterliches Festspiel in Erinnerung an eine herzögliche Heirat gefeiert wirdLandshut
80%
FUniversitäts- und ehemalige Bistumsstadt mit bekanntem Kloster Weihenstephan nördlich von #MFreising
78%
OSüdlichste Gemeinde Deutschlands und bedeutendes Wintersportzentrum, in dem die Vierschanzentournee eröffnet wirdOberstdorf
77%
UGemeinde unmittelbar südlich von #M, deren Spielvereinigung 1999 bis 2001 in der ersten Fußball-Männer-Bundesliga spielteUnterhaching
75%
HKreisfreie Stadt an der Saale nahe der Grenze zu Thüringen und Sachsen, in dem jährlich ein internationales Filmfestival stattfindetHof
69%
SKreisfreie Stadt am Main, in der 1652 die wissenschaftliche Akademie Leopoldina gegründet wurde und das Pedalbetriebene Fahrrad erfunden wurdeSchweinfurt
64%
TGemeinde an einem gleichnamigen See südlich von #M, welcher als Naherholungsziel und Wohnsitz von Millionären bekannt istTegernsee
64%
ZStadt im Kreis Fürth, in die Marke Playmobil seine Sitz hat und sich auch der Playmobil Funpark befindetZirndorf
34%
VEhemalige Kreisstadt an der Donau nahe der Grenze zu Österreich, in der Josef Groll, Erfinder des Pils, geboren wurdeVilshofen an der Donau
27%
JGemeinde direkt nördlich von #A, in der der ehemalige bayrische Ministerpräsident Alfons Goppel gestorben istJohannesberg (Bayern)
16%

Verteilung der Resultate

Perzentil nach korrekt beantworteten Fragen

Anzahl Personen mit jedem Resultat

Ihre Resultats-Entwicklung

Sie haben dieses Quiz noch nicht gespielt